Normal view
MARC view
- N.K. Vinnichenko & A.G. Gorelik
Entry Personal Name
001 - CONTROL NUMBER
- control field: 133071
003 - CONTROL NUMBER IDENTIFIER
- control field: NUST
005 - DATE AND TIME OF LATEST TRANSACTION
- control field: 20260203151926.0
008 - FIXED-LENGTH DATA ELEMENTS
- fixed length control field: 260203|| aca||aabn | a|a d
040 ## - CATALOGING SOURCE
- Original cataloging agency: NUST
- Transcribing agency: NUST
100 ## - HEADING--PERSONAL NAME
- Personal name: N.K. Vinnichenko & A.G. Gorelik
670 ## - SOURCE DATA FOUND
- Source citation: Work cat.: (NUST): N.K. Vinnichenko & A.G. Gorelik , Advances in Satellite Meteorology, 1974
